000 00477nam a2200169Ia 4500
005 20241112003132.0
008 240331s9999 xx 000 0 und d
020 _a9789551772574
082 _bJAY
_a954
100 _aJayawardena,K
245 0 _aPerpetual Ferment :
_bPopular Revolts in Sri Lanka in the 18th and 19 Centuries
260 _aColombo
_bSocial Scientists Association
_c2010
300 _aii, 176 p .,
650 _aFeminism
650 _aNationalism
942 _cL
999 _c5775
_d5775